MDQL
is popping MORE tags! Check the
thread
!
Quizzes
Events
Quiz Creation
Community
Videos
Private Events
Remove Ads
Sign In
Join for FREE
Feedback
Dark Mode
Quiz Categories
Sports
Geography
Music
Movies
Television
Just For Fun
Miscellaneous
History
Literature
Language
Science
Gaming
Entertainment
Religion
Holiday
For Kids
Quiz Lab
Recent
Popular Today
Quiz Kudos Today
Editor Picks
Curator Picks
Quizzes by...
Day
Popularity
Type
Ratings
Length
Year
Community
Subscriptions
Recent Discussions
Orange Saloon
Badges
Playlists
Quests
Create
Leaderboards
Showdown
Live 5
Trivia Bingo
Activity
Puzzle Library
Sporcle Events
Private Events
Virtual Trivia
Globe League
Become a Host
Pub Owners
SporcleCon
Opinionation
Our Games
Videos
Blog
Mobile Apps
Partnerships
Remove Ads and Go Orange
Feedback
Television
TV Characters
TV Show
Sitcom
Network
Friends
Reality Shows
Cast
South Park
Star Trek
The Simpsons
Doctor Who
Television
TV Characters
TV Show
Sitcom
Network
Friends
Reality Shows
Cast
South Park
Star Trek
The Simpsons
Doctor Who
Random Quiz
Search Sporcle
×
Quiz Lab
Quiz Lab
Television
doctor
Type in answers that appear in a list
Type in answers that appear in a list
Classic
Best Score? Go Orange.
Doctor Who character by description Stats
Can you name the Doctor Who character by description?
By
Gwennie63
5m
24 Questions
502 Plays
502 Plays
502 Plays
Comments
Comments
Give Quiz Kudos
Give Quiz Kudos
-
- Ratings
hide this ad
More Info
Replay
Link that replays current quiz
Next Quiz
Link to next quiz in quiz playlist
You Got
0%
They Got
Avg Score
51%
Avg Friend Score
Upgrade to see
Score Distribution
Jump to the score distribution portion of the page
Score
0/24
Timer
05:00
0
Plays Today
% Correct
Captain Jack Harkness
91.6%
Sarah-Jane Smith
91.2%
Jenny
85.7%
Rose Tyler
83.1%
Wilfred Mott
77.7%
Ricky Smith
76.7%
Harriet Jones
73.5%
Alonso Frame
69.7%
Lucy Saxon
61%
The Wire
60.4%
Tallulah
52.6%
The Editor
48.4%
% Correct
Jackson Lake
46.2%
Gwyneth
38.4%
Yvonne Hartman
38%
Mrs Foster/Matron Cofelia
31.5%
Victor Kennedy
31.3%
Luke Rattigan
31.1%
Kathy Nightingale
30.7%
Gadget
29.7%
Henry van Statten
27.9%
Jabe
26.3%
Jeremy Baines
20.1%
Lillith
14.7%
Quiz Playlist
Details
Report
Send in Message
Add To Playlist
More Info:
Full names please! :)
Classic:
Type in answers that appear in a list
Last Updated: Feb 16, 2017
Quiz Scoreboard
CHALLENGE
Sign Up to Join the Scoreboard
Show All
Scores
Hide
Comments
May contain spoilers
Recently Published
Image Sorting: Flags VI
by Barbecue
Geography
2m
Find the 'City' Movie
by crazypaving
Movies
60s
Colored Red Africa Blitz
by spor1
Geography
45s
More to Explore
Quiz From the Vault
Featured Blog Post
14 Easter Pick-up Lines to Find Eggs With
hide this ad
You Might Also Like...
Tags
Character
description
doctor
Today's Top Quizzes in Television
Browse Television
hide this ad
Today's Top Quizzes in doctor
Browse doctor
Top Contributed Quizzes in Television
1
Survivor Journey Challenge
2
Brooklyn Nine Nine Logic Puzzle (How-To-Play)
3
Total Drama Characters
4
Phoebe Buffay Quotes
5
Survivor Heroes vs. Villains Logic Puzzle
6
Adjectives in 00s TV Shows
7
Survivor Trivia
8
Game of Thrones: Tywin Lannister Start to Finish
9
Emmerdale Characters (from August 2012)
10
Survivor Logic Puzzle: Heroes vs. Villains
Explore More
Trending Topics
Crossword
Kpop
Marvel
Anime
Disney
Harry Potter
NBA
Soccer
NFL
Country
WWE
Pokémon
Song
The Office
Puzzle
hide this ad
More By:
Gwennie63
Quiz
Plays
Rating
Category
Featured
Created
New series Doctor Who character ladder
4,487
3.54
Television
Jan 31, 2011
Doctor Who and Torchwood Couples
3,489
2.78
Television
Mar 28, 2010
100 Greatest Musicals (Channel 4)
2,990
3.00
Entertainment
Mar 21, 2010
Complete the Torchwood episode titles
1,872
4.88
Television
Apr 4, 2010
Doctor Who characters (new series)
1,394
3.86
Television
Jan 18, 2011
Go to Creator's Profile
Score Distribution
Quiz Creator Spotlight
Gwennie63
Follow
Send a Message
Quizzes Created
-
Created Quiz Play Count
-
More By This Creator
Popular Quizzes Today
1
Colored Red Africa Blitz
2
Find the US States - No Outlines Minefield
3
Find the 'City' Movie
4
5x2 Blitz: Bands
5
The Countries of the World
6
Find the US States
7
Find the Countries of Europe - No Outlines Minefield
8
US States
More Television Quizzes
Who Said It? Arrested Development
Published
Trending Quizzes
Colored Red Europe Blitz I
Colored Red Europe Blitz II
Colored Red Africa Blitz II
Colored Red Europe Blitz III
Colored Red Africa Blitz III
Recently Updated
How Do You Spell That?
pecheneg
Godzilla Movies
pecheneg
Grab Bag: 4-10 Letters
pecheneg
2024 March Madness Bracket
pecheneg
Famous TV Couples
Peacemaker
Champions League XIs: Real Madrid
pecheneg
Largest US Cities 1790-2010
pecheneg
Rides in Walt Disney World
pecheneg
Most Oscar Losses (Acting)
pecheneg
Beyoncé Albums
pecheneg
Trending Topics
Disney
Marvel
NBA
Crossword
Kpop
Harry Potter
Anime
Country
Puzzle
NFL
Pokémon
WWE
Song
Soccer
The Office
Your Account Isn't Verified!
In order to create a playlist on Sporcle, you need to verify the email address you used during registration. Go to your
Sporcle Settings
to finish the process.
Report this User
Report this user for behavior that violates our
Community Guidelines
.
Details:
Send Report
Go to the Sporcle.com Mobile Site →
Comments